LEADER 00910nam0-22003131i-450- 001 990006891720403321 005 20001010 010 $a0-674-68932-1 035 $a000689172 035 $aFED01000689172 035 $a(Aleph)000689172FED01 035 $a000689172 100 $a20001010d--------km-y0itay50------ba 101 0 $aita 105 $ay-------001yy 200 1 $a<>politics of large numbers$ea history of statistical reasoning$fAlain Desrosieres$gtranslated by Camille Naish. 210 $aCambridge$cHarvard University Press$d1998. 215 $a368 p.$d23 cm 610 0 $aStatistica - Storia 676 $a519.509 700 1$aDesrosieres,$bAlain$0253963 801 0$aIT$bUNINA$gRICA$2UNIMARC 901 $aBK 912 $a990006891720403321 952 $aVI E 818$b34629$fFSPBC 959 $aFSPBC 996 $aPolitics of large numbers$9629143 997 $aUNINA DB $aGEN01 LEADER 01690nam 2200565 450 001 9910461564903321 005 20200520144314.0 010 $a1-4773-0558-0 035 $a(CKB)3710000000478587 035 $a(EBL)4397267 035 $a(SSID)ssj0001554734 035 $a(PQKBManifestationID)16181513 035 $a(PQKBTitleCode)TC0001554734 035 $a(PQKBWorkID)14052752 035 $a(PQKB)10736050 035 $a(MiAaPQ)EBC4397267 035 $a(Au-PeEL)EBL4397267 035 $a(CaPaEBR)ebr11255351 035 $a(OCoLC)958385449 035 $a(EXLCZ)993710000000478587 100 $a20160914h20152015 uy 0 101 0 $aeng 135 $aur|n|---||||| 181 $ctxt 182 $cc 183 $acr 200 14$aThe Ba'thification of Iraq $eSaddam Hussein's totalitarianism /$fby Aaron M. Faust 205 $aFirst edition. 210 1$aAustin, [Texas] :$cUniversity of Texas Press,$d2015. 210 4$dİ2015 215 $a1 online resource (321 p.) 300 $aDescription based upon print version of record. 311 $a1-4773-0557-2 320 $aIncludes bibliographical references and index. 606 $aPolitical parties$zIraq 606 $aTotalitarianism 607 $aIraq$xPolitics and government$y1979-1991 607 $aIraq$xPolitics and government$y1991-2003 608 $aElectronic books. 615 0$aPolitical parties 615 0$aTotalitarianism. 676 $a956.7044 700 $aFaust$b Aaron M.$0973579 801 0$bMiAaPQ 801 1$bMiAaPQ 801 2$bMiAaPQ 906 $aBOOK 912 $a9910461564903321 996 $aThe Ba'thification of Iraq$92215025 997 $aUNINA